[Event "41st Olympiad Tromso 2014 Open""]
[Site "Tromso NOR"]
[Date "2014.08.06"]
[Round "5.1"]
[White "Kramnik, Vladimir"]
[Black "Topalov, Veselin"]
[Result "1-0"]
[WhiteElo "2760"]
[BlackElo "2772"]
[EventDate "2014.08.02"]
[Annotator "Vokac,Marek"]
[PlyCount "97"]
[WhiteTeam "Russia"]
[BlackTeam "Bulgaria"]
[WhiteTeamCountry "RUS"]
[BlackTeamCountry "BUL"]

1. d4 Nf6 2. c4 e6 3. Nf3 d5 4. Nc3 Be7 5. g3 O-O 6. Bg2 Nbd7 7. Qd3 Nb6!?
{MoÅ¾ná trochu problematická novinka, prostor na dámském kÅ™ídle bude mít 
svou cenu.} 8. c5 Nbd7 9. O-O c6 10. b4 b6 11. Bf4 a5 12. a3 Ba6 13. Qc2 
Nh5 14. Bd2 Nhf6 15. Bf4 Nh5 16. Bd2 Nhf6 17. Rfe1 Bc4 18. Bf4 Nh5 19. Be3
Nhf6 20. Bf4 Nh5 21. Be3 Nhf6 22. h3 h6 {ÄŒerný témÄ›Å™ vyÅ™eÅ¡il 
problémy s bÄ›lopolným stÅ™elcem, má pevnou pozici. Kramnik dosti dlouho 
hledal nÄ›jaký konstruktivní plán, soupeÅ™e mátl obÄ�asným opakováním 
tahÅ¯. Nakonec naÅ¡el zajímavý zpÅ¯sob jak otestovat pÅ™ednosti své 
prostorové pÅ™evahy.} 23. Nd2 Ba6 24. f4!? bxc5 {Hlavním pÅ™edmÄ›tem 
Kramnikova bádání byla právÄ› následující zápletka. ÄŒerný do ní nemusí, 
moÅ¾ná se jí má pÅ™ímo vyhnout, ale to se Topalovovi asi tÄ›Å¾ko Å™íká.} 
25. bxc5 Nxc5 26. dxc5 d4 27. Bf2 dxc3 28. Qxc3 Nd5 {Sporný je moÅ¾ná aÅ¾ 
tento aktivní postup.} ( 28. ... Qc7 29. Rab1 Nd5 30. Qc2 e5 {má také 
nÄ›co do sebe, pozice je ale na rychlou analýzu aÅ¾ pÅ™íliÅ¡ sloÅ¾itá.} ) 
29. Qc2 Bf6 30. e4! {Pointa Kramnikova dlouhého plánování. Za kvalitu 
dostane bílý zajímavou kompenzaci.} 30. ... Bxa1 {V alternativÄ›} ( 
30. ... Nxf4 31. gxf4 Bxa1 32. Rxa1 Qf6 33. Nb3 Qxf4 += {bych více vÄ›Å™il
bílým figurám.} ) 31. exd5 Qf6?! {RozumnÄ›jÅ¡í myslím bylo} ( 31. ... Bf6 
{Bílý mÅ¯Å¾e vzít na e6 nebo pÅ™etáhnout na d6, kompenzaci má v obou 
pÅ™ípadech. Ale Ä�erný by se vyhnul následujícím problémÅ¯m se svým 
Ä�ernopolným stÅ™elcem.} ) 32. d6 Qc3 ( 32. ... Bd4 33. Nf3 Bxf2+ 34. Kxf2
Rab8 35. Ne5 +/- {vypadá na velmi dobrou kompenzaci bílého.} 35. ... g5 
36. Kg1 gxf4 37. gxf4 Qxf4 38. Re4 +- {bych Ä�ernému nedoporuÄ�oal.} ) 33.
 Qd1 Bb2 34. Bxc6 Rad8 {NejlepÅ¡í pole pro vÄ›Å¾ je moÅ¾ná jinde, ale 
problém se tím nevyÅ™eÅ¡í.} 35. Nb1! {PÅ¯sobivý manévr, Ä�ernopolný 
stÅ™elec Ä�erného bude nyní ve velmi nepÅ™íjemném obklíÄ�ení.} 35. ... Qf6
( 35. ... Qd3 36. Qxd3 Bxd3 37. d7 +- {a bílí pÄ›Å¡ci se Å¡patnÄ› 
zastavují.} ) 36. Qd2 +/- Rb8 37. Be4 e5 38. Nc3! Qe6 ( 38. ... exf4 39. 
Nd5 Qg5 40. Qxf4 Qxf4 41. gxf4 +/- ) ( 38. ... Bxc3 39. Qxc3 exf4 40. Qxf6
gxf6 41. d7 +- ) 39. Nd5 Qxh3 40. Bg2 Qh5 41. d7 {Rozdíl v souhÅ™e figur 
je evidentní, bílí pÄ›Å¡ci jsou nezadrÅ¾itelní.} 41. ... exf4 ( 41. ... 
Bd4 42. Bxd4 exd4 43. c6 +- ) 42. Qxf4 Bxa3 43. Qxb8 {Kramnik musel být 
spokojenost sama.} 43. ... Rxb8 44. Re8+ Kh7 45. Rxb8 Qd1+ 46. Kh2 Qh5+ 
47. Bh3 Qf3 48. d8=Q Qxf2+ 49. Bg2 1-0

[Event "41st Olympiad Tromso 2014 Open""]
[Site "Tromso NOR"]
[Date "2014.08.06"]
[Round "5.1"]
[White "Navara, David"]
[Black "Grandelius, Nils"]
[Result "1/2-1/2"]
[WhiteElo "2716"]
[BlackElo "2571"]
[EventDate "2014.08.02"]
[Annotator "Vokac,Marek"]
[PlyCount "91"]
[WhiteTeam "Czech Republic"]
[BlackTeam "Sweden"]
[WhiteTeamCountry "CZE"]
[BlackTeamCountry "SWE"]

1. d4 Nf6 2. c4 g6 3. g3 Bg7 4. Bg2 d5 5. cxd5 Nxd5 6. Nf3 Nb6 7. Nc3 Nc6 
8. e3 O-O 9. O-O Re8 10. a3 Bg4 11. h3 Bd7?! {StÅ™elec zÅ™ejmÄ› z více 
dÅ¯vodÅ¯ patÅ™í na e6.} 12. Nd2 Na5 13. Nde4 Be6 ( 13. ... e5!? {by mohlo 
dát hÅ™e trochu jiný smÄ›r.} ) 14. Nc5! Bc4 15. b4! Bxf1 16. Qxf1 Nac4 17.
 Nxb7 Qc8 18. Na5 c5?! {ÄŒerný nechce uznat, Å¾e zápletka konÄ�í po} ( 
18. ... Nxa5 19. bxa5 Nd7 20. Bxa8 Qxa8 21. Qc4 += ) 19. Nxc4 cxd4 20. 
Nxb6 Qxc3 21. Nxa8 {Vyvolávání duchÅ¯ dostává dalÅ¡í náboj. SilnÄ›jÅ¡í je 
zÅ™ejmÄ›} ( 21. Bd2 Qxd2 22. Rd1 Qxd1 ( 22. ... Qb2 23. Nxa8 Rc8! +/- {
moÅ¾ná také není jednoznaÄ�né, ovÅ¡em} 24. Qe1 Rc2 25. exd4 Bxd4 26. Qxe7 
Bxf2+ 27. Kf1 Bxg3 28. Rd8+ Kg7 29. Qf8+ Kf6 30. Qh8+ Kg5 31. Qxb2 Rxb2 
32. Rd3 +/- {na výhodu bílého vypadá.} ) 23. Qxd1 axb6 24. Bxa8 Rxa8 {
Navarovi to pÅ™ipadalo pÅ™íliÅ¡ remízové. ZmiÅˆoval mi jeÅ¡tÄ› 
pokraÄ�ování} 25. Qd3 dxe3 26. Qxe3 b5 27. Qb6 Bf6 28. Qxb5 Rxa3 += {
které by mÄ›l bílý vyhrát, pokud získá za pÄ›Å¡ce b4 stÅ™elce a neztratí 
pÅ™itom pÄ›Å¡ce f2 na základÄ› dávných analýz Botvinnika. Na mÅ¯j vkus je 
tÄ›ch podmínek pro výhru nÄ›jak moc. Ale ve srovnání s divoÄ�inou v partii
to jistÄ› mÄ›lo mít pÅ™ednost.} ) 21. ... Qxa1 22. exd4 Bxd4 23. Bf4 Qxa3 
24. Nc7 Rc8 25. Qe1 {Rybka dává pÅ™ednost koncovce} ( 25. Nb5 Qxb4 26. 
Nxd4 Qxd4 27. Qa6 += {, ovÅ¡em ani pád pÄ›Å¡ce a7 nemusí k výhÅ™e staÄ�it.
} ) 25. ... Qb2! {To v ede podle Rybky k rovnováze. Po} ( 25. ... e5 26. 
Nb5 Bc3! 27. Qd1? Qxb4 28. Nxa7 {ovÅ¡em Ä�erný efektním zpÅ¯sobem} 28. ...
 exf4! 29. Nxc8 fxg3 30. Qd8+ Kg7 31. fxg3 Be5 =, quiet {vytvoÅ™í Ä�erný 
pozici, kterou bílý zÅ™ejmÄ› nemÅ¯Å¾e vyhrát.} ) 26. Nd5 Rc2 27. Nxe7+ ( 
27. Be3 Bxe3 28. Qxe3 e6 =, quiet ) 27. ... Kg7 {HodnÄ› Ä�asu Navara 
poÄ�ítal druhý ústup} ( 27. ... Kf8 28. Bh6+ Ke8 ( 28. ... Bg7 29. Qd1! 
Bxh6 30. Qd8+ Kg7 31. Qg8+ Kf6 32. Nd5+ +- {s matem.} ) 29. Qe4! Bxf2+ 30.
 Kh2 Re2 31. Qa8+ Kxe7 32. Bf8+ +- {s matovým útokem, jak tvrdí David a 
potvrzuje Rybka.} ) 28. Be3 Bxe3 29. Qxe3 Qxb4 =, quiet {Jako koncovku 
bílý partii nevyhraje, mat si Ä�erný dát také nenechá.} 30. Nd5 ( 30. Qe5+
f6 31. Qe6 Qd4 32. Qg8+ Kh6 33. Nf5+ gxf5 34. Qf8+ Kg6 35. Qg8+ Kh6 
=, quiet ) 30. ... Qb1+ 31. Bf1 Qa1 32. Kg2 Rc1 33. Be2 a5 {Aby si bílý 
nemyslel, Å¾e na výhru mÅ¯Å¾e myslet pouze on.} 34. Bf3 Rg1+ 35. Kh2 Re1 
36. Qd2 Rc1 37. h4 h5 38. Bg2 a4 39. Nf4 Rd1 40. Qc2 Qd4 {Bílý si v 
Ä�asové tísni zaÄ�ínal trochu komplikovat Å¾ivot, ale stále má dost 
prostÅ™edkÅ¯ útoÄ�nými hrozbami udrÅ¾et Ä�erného pÄ›Å¡ce na uzdÄ›.} 41. 
Qc7 Qd6 42. Qa7 a3 43. Be4 Kg8 44. Bd5 Rxd5 45. Nxd5 Qxd5 46. Qxa3 1/2-1/2

[Event "41. Olympiad Tromso 2014 Open"]
[Site "TromsøÂ¸"]
[Date "2014.08.08"]
[Round "6"]
[White "Kasimdzhanov, Rustam"]
[Black "Kramnik, Vladimir"]
[Result "1-0"]
[WhiteElo "2700"]
[BlackElo "2760"]
[EventDate "2014.??.??"]
[Annotator "Marin, Mihail"]
[PlyCount "59"]
[EventCountry "NOR"]
[WhiteTeam "Uzbekistan"]
[BlackTeam "Russia"]
[WhiteTeamCountry "UZB"]
[BlackTeamCountry "RUS"]

{This duel between former World Champions could not have had a more 
classical start. But originality does not refer to the opening only. The 
tactical phase starting after 20 moves would fit in any collection of 
games from the so-called romantic period.} 
1. d4 Nf6 2. c4 e6 3. Nf3 d5 4. Nc3 Nbd7 5. Bf4 dxc4 6. e3 Bd6!? {A rare 
move. The main continuations are 6...Nd5, 6...Nb6 and 6...a6.} 7. Bxd6 
cxd6 8. Bxc4 a6 9. a4 {[#]} 9. ... d5 {A solid move, leading to some sort 
of Exchange Slav structure.} ( {But when playing the Queen's Gambit I am 
usually looking for more interesting play, so here I would consider 
something like} 9. ... b6 10. O-O Bb7 11. Qe2 O-O 12. e4 Qe7 {with a 
flexible position for Black.} ) 10. Bd3 b6 11. O-O O-O 12. Qb3 Qe7 13. 
Rac1 Bb7 14. Rc2 Rfc8 15. Rfc1 {[#]With a slightly different move order, 
all this has been played in Gelfand-Carlsen, Moscow 2013. Both players 
have been playing relatively quickly so far, but Kramnik invested 11 
minutes into his next move.} 15. ... Qd6 {Still following Carlsen's play. 
In principle, d6 is the best square for the queen, but the last move 
allows White changing the character of the fight.} ( {Black could play 
some neutral, generally useful, moves, for instance:} 15. ... h6 16. h3 ( 
{The knight jump is less effective than in the game:} 16. Ne5 Nxe5 17. 
dxe5 Nd7 {with counterplay.} ) 16. ... Rab8 ) 16. Ne5 {We can only guess 
whether Kasimdzhanov came up with this new idea during his 15 minutes 
thought or he used this time to remember his analysis. Given the (so far!)
static character of the position, I would assume that both opponents were 
kind of getting on their own already.} ( {The aforementioned game went} 
16. Na2 Rxc2 17. Rxc2 Rc8 {with gradual simplifications and a draw.} ) 
16. ... Nxe5 {Facing the positional threat f2-f4, Kramnik decides to pick 
up the gauntlet.} 17. dxe5 Qxe5 18. Qxb6 {Frm static point of view, things
have gone Black's way, as he exchanged a knight pawn for a central one. 
But dynamically he has some problems, as his queenside is under pressure.}
18. ... Rcb8!? {Kramnik played this somewhat surprising move rather 
quickly, after only two minutes.} ( {There are two possible reasons for 
refraining from} 18. ... Rab8 {One possible problem is that he wanted to 
answer} 19. Ne2 {with} 19. ... Nd7 {which now loses material to} 20. Rxc8+
{followed by Qd8+.} ) ( {Or maybe he feared the following queen sacrifice 
which would kind of suit his own trademark?} 18. ... Rab8 19. Bxa6 Rc6 20.
 Qxb7 Rxb7 21. Bxb7 {However, Black seems to be able to neutralize White's
initiative with a series of only moves:} 21. ... Rb6 22. Nxd5 exd5 23. 
Rc8+ Ne8 24. Bc6 Rxc6 25. R1xc6 g6 26. a5 d4 {with initiative to Black 
already.} ) 19. Ne2 Nd7 20. Qd4 Qd6 21. f4 {Things have calmed down for a 
moment. White has a pleasant control on dark squares, active rooks and a 
potentially dangerous queenside majority. Black's main trump is his 
superiority in the centre, which Kramnik hurries to take advantage of.} 
21. ... e5! 22. fxe5 Nxe5 23. Qf4 {[#]} 23. ... Qe7? {A heavy, probably 
decisive, mistake in a fairly balanced position. Curiously, Kramnik spent 
a quarter of an hour on it.} ( {Believe it or not (the players surely 
didn't), starting the fighr for the open c-file with} 23. ... Rc8!! {was 
possible. The point is that after} 24. Qf5 g6 25. Rxc8+ Bxc8 26. Rxc8+ {
Black has} 26. ... Kg7!! {The double exclaim refers to the fact that this 
move had to be seen in advance.} 27. Qh3 ( {Or if} 27. Nd4 Rxc8 28. Qxc8 
Nxd3 29. Qc3 Ne5 30. Nf3 f6 {with perfect equality.} ) 27. ... Rxc8 28. 
Qxc8 Qb4! ( {This Zwischenzug, threatening mate on e1, is slightly more 
accurate than} 28. ... Nxd3 29. Qc3+ Ne5 30. Qd4 {followed by Nf4 with 
certain pressure.} ) 29. Nc3 Nxd3 =, quiet ) ( {But even without seeing 
all these, the re-developing} 23. ... Re8!? 24. Rc7 Rab8 {would have been 
entirely safe for Black, while after the last move White's attack 
continues naturally.} ) 24. Rc7 Qe8 25. Bf5 {This bishop will have an 
important part in the final phase.} 25. ... Nc4 26. Bd7 Qf8 27. b3 Nb6 {
[#]With most of the black pieces massed on the queenside, White's kingside
pessure is decisive.} 28. Bf5! {Not the only winning move, but its idea is
very elegant.} 28. ... d4 {Hard to judge whether Kramnik had not seen the 
threat, or he simply wanted to have some fun before resigning.} ( {For the
truth's sake, it should be mention that restricting the bishop with} 
28. ... g6 {would not help, either:} 29. Rf1 {With threats such as Bxg6 or
Be6 followed by Rf7, or just Bb1, hitting f7 by simple means.} 29. ... 
gxf5 30. Rf3 {With a decisive attack.} ) 29. Rxf7! {A thematic demolishing
combination, reminiscent of Botvinnik's 18.Rc7xf7 from his game with 
Portisch at Monte Carlo 1968.} 29. ... Kxf7 ( {The main variation of the 
combination is} 29. ... Qxf7 30. Bxh7+ Kf8 31. Qd6+ Qe7 ( {Or} 31. ... Ke8
32. Bg6 {wins the queen.} ) 32. Rf1+ {with mate in sight.} ) 30. Bxh7+ 1-0

[Event "41. Olympiad Tromso 2014 Open"]
[Site "TromsøÂ¸"]
[Date "2014.08.08"]
[Round "6"]
[White "Caruana, Fabiano"]
[Black "Carlsen, Magnus"]
[Result "0-1"]
[WhiteElo "2801"]
[BlackElo "2877"]
[EventDate "2014.??.??"]
[Annotator "Marin, Mihail"]
[PlyCount "100"]
[EventCountry "NOR"]
[WhiteTeam "Italy"]
[BlackTeam "Norway"]
[WhiteTeamCountry "ITA"]
[BlackTeamCountry "NOR"]

{If games between former World Champions are always followed with 
interest, what could we say of the duel between the reigning champion and 
one of the main aspirants to the throne? But I believe that the word 
originality somewhat loses its meaning when we speak about Carlsen. 
Originality in the opening is one of his main threads, so he would be 
original to himself only if he did something very common. Which would be a
great pity, of course.} 
1. e4 d5 {A big surprise on the very first move: Carlsen never played the 
Scandinavian before! His opening choice must be a bit more than a display 
of peninsular patriotism; if intended as a psychological weapon, it worked
wonderfully well. The Scandinavian Defence used to be a frequent guest in 
Bent Larsen's games, but otherwise it is very uncommon at such a high 
level. True, when things started going wrong during his match with 
Kasparov, Anand unexpectedly used this opening and even got an advantage 
with it, but this was just an exception.} 2. exd5 Qxd5 3. Nc3 {White gets 
a developing tempo for free, but placing the knight in front of the c-pawn
is likely to restrict his strategic possibilities. I remember that when 30
years ago I switched from 1.e4 to 1.d4, one of my main ghosts was 
precisely the Scandinavian. I simply could not find a way to a harmonious 
development!} ( {If now I would decide to switch back to 1.e4, I would 
consider} 3. d4 {, aiming for a development based on c4, Nc3, Nf3, with 
full control in the centre. One possible problem is that after} 3. ... e5 
{White's advantage might prove symbolical.} ) 3. ... Qd8 {Without being 
new, of course, this really looks provocative. After three moves Black has
not developed any piece yet! But on the other hand, he will not have to 
spend additional time retreating with his queen from d6 or a5, whenever 
attacked by a white minor piece.} 4. d4 Nf6 5. Nf3 Bg4 6. h3 Bxf3 7. Qxf3 
c6 {[#]} 8. Ne2 {A rare but logical move, clearing the path for the c-pawn
in an attempt to restore White's harmony. However, the knight will still 
need doing a bit of jumping before reaching a perfect square.} ( {The 
usual continuation is} 8. Be3 e6 9. O-O-O {or 9.Bd3.} ) 8. ... e6 {A new 
move, leaving the queen's acess to d5 open.} ( {Black retained a solid but
somewhat passive position after} 8. ... Nbd7 {Fedorchuk-Danielsen, Kolkata
2014.} ) 9. g4 {Being better developed and enjoying more space, White 
surely can afford such active moves.} ( {But against such a strong 
strategist as Carlsen, I would consider the more restrained} 9. g3 Qd5 10.
 Bg2 {True, after} 10. ... Nbd7 {the queen would not have the g3-square at
her disposal, which more or less forces White castling short. As we will 
see, Caruana had other plans for his king.} ) 9. ... Qd5 10. Bg2 Nbd7 11. 
Qg3 Qc4! {After the bishop has parted from the f1-a6 diagonal, the queen 
can cause some minor problems in the surrounding area.} 12. Qb3 {Caruana 
spent 25 minutes on this move. This was a critical moment, indeed, when 
White had to decide whether to exchange queens or not.} ( {The main 
alternatives are} 12. c3 ) ( {and} 12. g5 Nd5 13. c3 ) 12. ... Qxb3 {I 
would consider this an important strategic concession, allowing White to 
recapture towards the centre, but Carlsen played it almost without 
thinking. Eventually, White lost because of his double pawns and even 
though his position looked very promising for a long while, I will refrain
from attaching an "?!" to the last move. Since the Carlsen era seems to be
lasting for a while, I suggest introducing a sign for "inspired, even 
though probably not the best, move". I would use that here.} ( {And if I 
had to choose a move without thinking,} 12. ... Nb6 {would surely be my 
candidate. If White wants to exchange queens, let him activate my knight!}
) 13. axb3 Bd6 14. c4 a6 {[#]Preparing the long castle. White has the 
bishop's pair and more space on practically the whole board, but the 
relative weakness of the b4- and f4-squares offers Blck hopes for 
counterplay.} 15. Be3 ( {A natural move, but it would make sense solving 
one of the aforementioned problems by playing} 15. Bd2 {This could turn 
the weakness into a strenght by means of b4-b5.} ) 15. ... O-O-O 16. O-O-O
{Another natural move and again an original available alternative.} ( {
White could have tried} 16. Kd2!? {followed by Kc3 and b3-b4. In many 
cases, the rook would be useful on a1, being ready for activating along 
the fifth rank.} ) 16. ... Rhe8 {This looks a bit dogmatic: centralisation
without a clear purpose.} ( {Black cannot think of starting a counterplay 
in the centre, for instance} 16. ... e5?! 17. d5 cxd5?! 18. g5 ) ( {But 
the rook could have been more useful on h8 than in the centre. Black could
have tried either} 16. ... h5 ) ( {or the immediate knight transfer to g6 
with} 16. ... Nf8 ) 17. Ng3 Nf8 18. Bf3 {Preparing h4-h5.} ( {But I see no
reason to keep the g-pawn on a light square, restricting the bishop, so 
why not} 18. g5 {followed by h3-h4? This would have prevented Black's plan
of exchanging the dark-squared bishops.} ) 18. ... Ng6 19. h4 Bf4! {Even 
though this will strengthen White's control in the centre, it will mainly 
offer Black some stability on dark squares and some breahing space.} 20. 
h5 Bxe3+ 21. fxe3 Ne7 22. e4?! {Played after eight minutes, this move 
marks a turning point on the game.} ( {White would have retained a 
positional advantage in a rather one-sided position with either} 22. g5 
Nd7 23. Bg4 ) ( {or} 22. h6 g6 23. e4 {It is curious that Caruana 
neglected the dark squares issue that much.} ) 22. ... h6! {Finally, Black
gets some stability on at least one part of the board.} 23. e5 Nh7 24. Ne4
Rf8 25. Nd6+ Kc7 26. Bg2 Ng5 {[#]White has installed a magnificent knight 
on d6, having gained tempi in the meanwhile, but it will soon become clear
that the knight is kind of hanging there!} 27. Rhf1 f6! {Starting with 
this moment, Carlsen plays at full strength. Even though the position is 
approximately equal still, Black's play is easier to carry out.} 28. Kc2 
fxe5 29. dxe5 Nc8 30. c5 {When playing this ambitious move, consolidating 
the knight but concealing the d5-square, Caruana might have still been 
under the spell of his previous advantage.} ( {Frim practical point of 
view, it would have been safer to exchange the active black knight with} 
30. Ne4 ) 30. ... Ne7 {[#]} 31. b4? {Played after a quarter of an hour, 
this move leads to some trouble. Any move taking measures against the 
thteatened ...Nd5-e3 would have been enough for maintaining equality.} 
31. ... Nd5! {Played almost without thinking. Finally, the weakness of the
double pawns makes itself felt. Black not only attacks b4, but also 
threatens ...Ne3, attacking three white pieces and the g4-pawn. How did he
do that? How could he confuse his strong opponent that badly? Did the 
knight manoeuvre along the route b8-d7-f8-g6-e7-c8-e7-d5 hypnotise 
Caruana?} 32. Bxd5 cxd5 {Suddenly, there are some problems defending the 
e5-pawn against the threats ...Nf3 or ... Rf3.} 33. b5 {This desperate 
attempt at counterplay weakens the c5-pawn.} 33. ... axb5 34. Nxb5+ Kc6 
35. Nd6 Nf3 36. b4 Ra8 37. Ra1 Rxa1 38. Rxa1 Nxe5 {[#]The first pawn has 
dropped and in view of the hanging (rather than active) white knight, 
grabbing the second one is not far away...} 39. Ra7 Rb8 40. Ra3 b6 41. Ra7
bxc5 42. Ra6+ Kc7 43. bxc5 Nd7 44. Ra7+ Kc6 45. g5 Nxc5 {The rest is 
simple.} 46. Nf7 d4 47. Ne5+ Kd5 48. Nd7 d3+ 49. Kc1 Nxd7 50. Rxd7+ Ke4 
0-1